Underground Geological Sequestration of Carbon Dioxide (CO2) and its Effect on Possible Enhanced Oil Recovery (EOR) in Fractured Reservoir / (Record no. 601832)
[ view plain ]
| 000 -LEADER | |
|---|---|
| fixed length control field | 00563nam a2200157Ia 4500 |
| 008 - FIXED-LENGTH DATA ELEMENTS--GENERAL INFORMATION | |
| fixed length control field | 230907s9999||||xx |||||||||||||| ||und|| |
| 082 ## - DEWEY DECIMAL CLASSIFICATION NUMBER | |
| Classification number | 621.3095491 |
| Author Mark | ANA |
| 100 ## - MAIN ENTRY--PERSONAL NAME | |
| Personal name | Anaiz Gul Fareed (00000119937) |
| 9 (RLIN) | 116451 |
| 245 #0 - TITLE STATEMENT | |
| Title | Underground Geological Sequestration of Carbon Dioxide (CO2) and its Effect on Possible Enhanced Oil Recovery (EOR) in Fractured Reservoir / |
| 260 ## - PUBLICATION, DISTRIBUTION, ETC. | |
| Place of publication, distribution, etc. | USPCAS-E, NUST, |
| Name of publisher, distributor, etc. | Islamabad : |
| Date of publication, distribution, etc. | 2019 |
| 300 ## - PHYSICAL DESCRIPTION | |
| Extent | 68 p. |
| 520 ## - SUMMARY, ETC. | |
| Summary, etc. | TH-153 |
| 650 ## - SUBJECT ADDED ENTRY--TOPICAL TERM | |
| Topical term or geographic name entry element | MS-ESE Thesis MS Thesis |
| 700 ## - ADDED ENTRY--PERSONAL NAME | |
| Personal name | Dr. Asif Hussain Khoja |
| 9 (RLIN) | 117190 |
| 942 ## - ADDED ENTRY ELEMENTS (KOHA) | |
| Koha item type | Thesis |
| Source of classification or shelving scheme | |
| Withdrawn status | Lost status | Source of classification or shelving scheme | Damaged status | Not for loan | Permanent Location | Current Location | Date acquired | Full call number | Barcode | Date last seen | Price effective from | Koha item type |
|---|---|---|---|---|---|---|---|---|---|---|---|---|
| US-Pakistan Center for Advanced Studies in Energy (USPCAS-E) | US-Pakistan Center for Advanced Studies in Energy (USPCAS-E) | 10/17/2019 | 621.3095491 ANA | CAS-ETH0000153 | 09/12/2023 | 09/12/2023 | Thesis |
